Selections from records of the historian

Na minha lista:
Detalhes bibliográficos
Autor principal: Chien, Szuma (Author)
Formato: Livro
Idioma:espanhol
Publicado em: Beijing Foreign Languages 1079
Assuntos:
Tags: Adicionar Tag
Sem tags, seja o primeiro a adicionar uma tag!

MARC

LEADER 00000nam a2200000 a 4500
001 UCZ7325
003 CL-VaPUC
008 951228e10790000CH |||||||||||||||||spa|d
082 0 4 |a 951  |b CHI  |2 21 
100 0 |a Chien, Szuma  |e author  |9 352131 
245 1 0 |a Selections from records of the historian 
300 |a 461 p 
942 |c BK 
945 |d 19951228 00:00:00  |a cmena 
260 |a Beijing  |b Foreign Languages  |c 1079 
650 0 |a Historia  |9 255047 
650 7 |a LEJANO ORIENTE  |2 CL-VaPUC  |9 352132 
650 0 |a Zonas geográficas y países   |9 340952 
651 0 |a China   |9 257545 
583 |a last modification  |c 19951228 00:00:00  |k Rodrigo Vera 
999 |c 243419  |d 243417 
952 |0 0  |1 0  |4 0  |6 951_000000000000000_CHI_1079  |7 0  |8 A  |9 257031  |a BIBGIM  |b BIBGIM  |d 2019-11-19  |i 1612468  |o 951 CHI 1079  |p 1612468  |r 2025-01-15  |w 2019-11-19  |y BK  |k ORI